[Event "Titled Tue 20th May Late"]
[Site "chess.com INT"]
[Date "2025.05.20"]
[Round "1"]
[White "Kjaergaard-Jensen, Jesper"]
[Black "Brzezina, Piotr"]
[Result "0-1"]
[WhiteTitle "CM"]
[BlackTitle "FM"]
[WhiteElo "2081"]
[BlackElo "2301"]
[WhiteFideId "1406990"]
[BlackFideId "21078874"]
[EventDate "2025.05.20"]

1. d4 Nf6 2. Nf3 e6 3. c3 b6 4. Bg5 Bb7 5. Nbd2 d5 6. Ne5 Nbd7 7. e4 h6 8. Bxf6
gxf6 9. Nxd7 Qxd7 10. Bd3 Bd6 11. Qe2 O-O-O 12. e5 fxe5 13. dxe5 Be7 14. Ba6
Rhg8 15. Bxb7+ Kxb7 16. Qf3 Rdf8 17. a4 f6 18. exf6 Rxf6 19. Qd3 Rxg2 20. Rf1
Bc5 21. Ne4 Rf4 22. Nxc5+ bxc5 23. a5 c4 24. a6+ Kb8 25. Qh3 Qg7 26. O-O-O Qg5
27. Qe3 Rfxf2 28. Qxg5 hxg5 29. Rxf2 Rxf2 30. Rg1 Kc8 31. h4 gxh4 32. Rg8+ Kd7
33. Ra8 Kc6 34. Rxa7 Kb6 35. Rb7+ Kxa6 36. Rxc7 Kb6 37. Rh7 Rf4 38. Kb1 Kc6 39.
Ka2 e5 40. Rh6+ Kc5 41. Ka3 e4 42. Rh5 e3 43. Re5 Re4 44. b4+ cxb3 45. Rh5 e2
46. Rh8 e1=Q 47. Rc8+ Kd6 48. Rd8+ Kc7 49. c4 Qa1+ 50. Kb4 dxc4 51. Kb5 Kxd8 52.
Kc6 c3 0-1

[Event "Titled Tue 20th May Late"]
[Site "chess.com INT"]
[Date "2025.05.20"]
[Round "1"]
[White "Bhatia, Kanishka"]
[Black "Cernov, Henrik"]
[Result "0-1"]
[WhiteTitle "WCM"]
[BlackTitle "FM"]
[WhiteElo "1979"]
[BlackElo "2325"]
[WhiteFideId "2410095"]
[BlackFideId "16258312"]
[EventDate "2025.05.20"]

1. d4 Nf6 2. Nf3 e6 3. c4 Nc6 4. Nc3 Bb4 5. Bg5 h6 6. Bh4 g5 7. Bg3 Ne4 8. Qc2
d5 9. e3 h5 10. cxd5 exd5 11. Bd3 Qe7 12. O-O Bxc3 13. bxc3 h4 14. Bxc7 Qxc7 15.
Bxe4 dxe4 16. Qxe4+ Qe7 17. Qd3 g4 18. Nd2 O-O 19. e4 Qg5 20. f4 Qg7 21. f5 f6
22. Qc4+ Kh8 23. Qd3 Qh6 24. Qe2 Bd7 25. g3 h3 26. Rf4 Rg8 27. Nc4 Ne7 28. Nd6
Rg7 29. Rxg4 Rag8 30. Rxg7 Rxg7 31. Kh1 Bc6 32. Rf1 Kg8 33. Rf4 b5 34. a4 a6 35.
axb5 axb5 36. Nxb5 Bxb5 37. Qxb5 Qh5 38. Qc4+ Kf8 39. Rf1 Qg4 40. Qd3 Nc6 41.
Qf3 Qxf3+ 42. Rxf3 Ra7 43. Kg1 Ra2 44. Rf2 Ra1+ 45. Rf1 Ra3 46. Rf2 Rxc3 47. Rd2
Re3 48. d5 Ne5 49. Rd4 Re2 50. Ra4 Rg2+ 51. Kf1 Rxh2 52. Ra6 Kg7 53. Ra7+ Kh6
54. Ra6 Kg5 55. Ra8 Kg4 56. Rg8+ Kf3 57. Kg1 Rg2+ 58. Kh1 Nd3 0-1

[Event "Titled Tue 20th May Late"]
[Site "chess.com INT"]
[Date "2025.05.20"]
[Round "1"]
[White "Tari, Aryan"]
[Black "Hoeffer, David"]
[Result "0-1"]
[WhiteTitle "GM"]
[BlackTitle "FM"]
[WhiteElo "2636"]
[BlackElo "2295"]
[WhiteFideId "1510045"]
[BlackFideId "24606766"]
[EventDate "2025.05.20"]

1. e4 e5 2. Nf3 Nc6 3. d4 exd4 4. Nxd4 Bc5 5. Nxc6 Qf6 6. Qf3 dxc6 7. Nc3 Be6 8.
Be3 Qxf3 9. gxf3 Bxe3 10. fxe3 O-O-O 11. Rg1 g6 12. Ne2 Bc4 13. Bh3+ Kb8 14. Nd4
c5 15. Nb3 Bxb3 16. axb3 Ne7 17. Ke2 Nc6 18. c3 Ne5 19. Rad1 f6 20. f4 Nf7 21.
Kf3 c6 22. Be6 Nd6 23. h4 Rhe8 24. f5 Kc7 25. Rg2 Nxf5 26. Rxd8 Nxh4+ 27. Ke2
Kxd8 28. Rh2 Rxe6 29. Rxh4 h5 30. Kf3 Ke7 31. Rh1 Rd6 32. Ke2 Kf7 33. Ra1 a6 34.
Ra5 g5 35. Rxc5 h4 36. Rf5 Kg6 37. Kf3 Rd2 38. Rc5 h3 39. Ra5 h2 40. Ra1 Rxb2
41. b4 Kh5 42. Kg3 Re2 43. Rf1 b6 44. Kf3 Rc2 45. Kg3 Kg6 46. Kf3 a5 47. bxa5
bxa5 48. Ra1 a4 49. e5 fxe5 50. Ke4 a3 51. Kd3 Rg2 0-1

[Event "Titled Tue 20th May Late"]
[Site "chess.com INT"]
[Date "2025.05.20"]
[Round "1"]
[White "Grodotzki, Kenneth"]
[Black "Akkara, Omer"]
[Result "0-1"]
[WhiteTitle "CM"]
[BlackTitle "CM"]
[WhiteElo "1984"]
[BlackElo "2036"]
[WhiteFideId "4648560"]
[BlackFideId "26319802"]
[EventDate "2025.05.20"]

1. f4 Nf6 2. Nf3 d5 3. g3 b6 4. Bg2 Bb7 5. O-O e6 6. d3 Nbd7 7. c3 Bd6 8. Nbd2
O-O 9. Qc2 Ng4 10. Nb3 c5 11. e4 c4 12. dxc4 dxe4 13. Ng5 Nc5 14. h3 Nf6 15.
Nxc5 Bxc5+ 16. Kh2 Qd6 17. b4 Bxb4 18. cxb4 Qxb4 19. Nxe4 Nxe4 20. Bxe4 Bxe4 21.
Qxe4 Rac8 22. Rb1 Qa4 23. Rf2 Rxc4 24. Qd3 Rfc8 25. Bb2 h6 26. f5 exf5 27. Qxf5
R8c7 28. Qe5 f6 29. Qe6+ Kh8 30. Re1 Rc2 31. Qe8+ Qxe8 32. Rxe8+ Kh7 33. Ree2
R2c4 34. Kg2 a5 35. Rf3 b5 36. Rb3 b4 37. a3 a4 38. Rxb4 Rxb4 39. axb4 Rc4 40.
Ba3 Rc3 41. Bb2 Rb3 42. Bd4 Rxb4 43. Bf2 a3 44. Ra2 Rb3 45. h4 h5 46. Kf1 Kg6
47. Ke1 Rb1+ 48. Kd2 Rb2+ 49. Rxb2 axb2 50. Kc2 Kf5 51. Kxb2 Ke4 52. Kc2 Kf3 53.
Be1 Ke2 54. Bc3 Kf2 55. Be1+ Kxe1 56. Kd3 Kf2 57. Ke4 Kxg3 58. Kf5 Kxh4 59. Kg6
Kg4 0-1

[Event "Titled Tue 20th May Late"]
[Site "chess.com INT"]
[Date "2025.05.20"]
[Round "1"]
[White "Perez Rojas, Jorge"]
[Black "Becking, Stephan"]
[Result "0-1"]
[WhiteTitle "FM"]
[BlackTitle "IM"]
[WhiteElo "2100"]
[BlackElo "2410"]
[WhiteFideId "3452093"]
[BlackFideId "4632478"]
[EventDate "2025.05.20"]

1. e4 e6 2. d4 d5 3. Nc3 Nf6 4. Bg5 Be7 5. e5 Nfd7 6. Bxe7 Qxe7 7. f4 a6 8. Nf3
c5 9. Qd2 b5 10. a3 Nc6 11. Ne2 Bb7 12. g3 f6 13. exf6 Nxf6 14. Bg2 O-O 15. O-O
Qd6 16. Rae1 Rac8 17. c3 Na5 18. dxc5 Qxc5+ 19. Ned4 Nc4 20. Qc1 Rce8 21. Kh1
Bc8 22. Ne5 Nd6 23. Qd1 Nde4 24. Nd3 Qd6 25. Qe2 Bb7 26. Ne5 Nd7 27. Ndf3 Ndf6
28. Nd4 Bc8 29. Rd1 Qc7 30. Qe3 Bb7 31. Nef3 Ng4 32. Qe2 e5 33. fxe5 Nxe5 34.
Nxe5 Qxe5 35. Rxf8+ Rxf8 36. Rf1 Re8 37. Qf3 Qe7 38. Nf5 Qf6 39. Qd1 Qe5 40. Nd4
g6 41. Qd3 Rf8 42. Rxf8+ Kxf8 43. Qf3+ Kg7 44. g4 Qf6 45. h3 Nf2+ 46. Kg1 Qxf3
47. Bxf3 Nd3 48. b4 Ne5 49. Be2 Kf6 50. Kf2 Nd7 51. Kg3 Ke5 52. Bf3 Nb6 53. Bd1
Nc4 54. a4 Nb2 55. axb5 Nxd1 56. bxa6 Bxa6 57. b5 Bb7 58. Kf3 Nxc3 59. Ke3 Na4
60. Kd3 Nc5+ 61. Kc3 Ne4+ 62. Kd3 Nf2+ 63. Ke3 Nxh3 64. Nf3+ Kd6 65. Kd4 Nf4 66.
Ng5 Ne6+ 67. Nxe6 Kxe6 68. Kc5 Ke5 0-1

[Event "Titled Tue 20th May Late"]
[Site "chess.com INT"]
[Date "2025.05.20"]
[Round "1"]
[White "Kaasen, Tor Fredrik"]
[Black "Klimakovs, Sergejs"]
[Result "0-1"]
[WhiteTitle "IM"]
[BlackTitle "FM"]
[WhiteElo "2471"]
[BlackElo "2337"]
[WhiteFideId "1516647"]
[BlackFideId "11602066"]
[EventDate "2025.05.20"]

1. e4 c5 2. Nf3 g6 3. d4 cxd4 4. Nxd4 Bg7 5. c4 Nf6 6. Nc3 O-O 7. Be2 Nc6 8. Be3
d6 9. O-O Bd7 10. Qd2 Nxd4 11. Bxd4 Bc6 12. f3 a5 13. Rab1 a4 14. Rfc1 Nd7 15.
Be3 Nc5 16. b4 axb3 17. axb3 e6 18. b4 Na4 19. Nxa4 Bxa4 20. Bf1 Be5 21. g3 h5
22. Bg2 b5 23. cxb5 Bxb5 24. f4 Bg7 25. Rd1 Ra6 26. Bd4 Bxd4+ 27. Qxd4 Qb6 28.
Rb2 Rb8 29. Qxb6 Raxb6 30. Bf3 Kf8 31. Rdb1 Ke7 32. Rb3 Rc8 33. R1b2 Rc4 34. Kf2
Rbc6 35. Be2 Rc2 36. Rxc2 Rxc2 37. Re3 Rb2 38. Kf3 Bxe2+ 39. Rxe2 Rxb4 40. Ra2
Kf6 41. h4 Rb3+ 42. Kf2 d5 43. exd5 exd5 44. Ra7 Ke6 45. Rc7 d4 46. Rc8 Kd5 47.
Re8 Rb2+ 48. Kf3 Rb7 49. Rd8+ Kc4 50. Ke2 Rb2+ 51. Kf3 d3 52. Rc8+ Kd4 53. Rd8+
Kc3 54. Ke3 Re2+ 55. Kf3 Re7 56. Ra8 Kd2 57. Ra2+ Kc3 58. Ra3+ Kc2 59. Ra2+ Kb3
60. Ra8 d2 61. Rd8 Kc2 62. Rc8+ Kd1 63. Rd8 Ke1 0-1

[Event "Titled Tue 20th May Late"]
[Site "chess.com INT"]
[Date "2025.05.20"]
[Round "1"]
[White "Dubnevych, Maksym"]
[Black "Goldin, Roman"]
[Result "0-1"]
[WhiteTitle "FM"]
[BlackTitle "FM"]
[WhiteElo "2292"]
[BlackElo "2296"]
[WhiteFideId "14184001"]
[BlackFideId "2803860"]
[EventDate "2025.05.20"]

1. Nc3 d5 2. e4 dxe4 3. Nxe4 Qd5 4. Nc3 Qd6 5. d4 Nf6 6. Bc4 a6 7. Nge2 b5 8.
Bf4 Qb6 9. Bb3 Bb7 10. O-O e6 11. Re1 Nbd7 12. a4 b4 13. a5 Qa7 14. Na4 Bd6 15.
Be3 Nd5 16. Bd2 O-O 17. c4 bxc3 18. bxc3 c5 19. c4 N5f6 20. Bc3 Rad8 21. Qc2 Ne4
22. Bb2 Qb8 23. Ng3 Nxg3 24. hxg3 cxd4 25. Bxd4 Be5 26. Rad1 Bxd4 27. Rxd4 Qc7
28. Red1 Nf6 29. Nb6 Rxd4 30. Rxd4 Qc5 31. Qd3 Qxa5 32. Na4 Qe1+ 33. Qf1 Qe5 34.
Rd1 h6 35. c5 Rc8 36. Qe1 Qh5 37. f3 Bd5 38. Bxd5 Nxd5 39. Qe4 Qg5 40. g4 a5 41.
Qd4 Qg6 42. Rc1 Qg5 43. Rc4 Qh4 44. Qf2 Qg5 45. c6 Qe5 46. Rc1 Nf4 47. Qd2 Ne2+
48. Kf2 Nxc1 49. Qd7 Rc7 50. Qe8+ Kh7 51. Nb6 Qd4+ 52. Kg3 Qxb6 53. g5 Qxc6 54.
g6+ Kxg6 55. Qf8 Qc5 56. Kh3 Qe5 57. g3 Qf6 58. f4 Qf5+ 59. Kg2 Rc2+ 60. Kf3
Qd3+ 61. Kg4 Qe2+ 62. Kh4 Qh5# 0-1

[Event "Titled Tue 20th May Late"]
[Site "chess.com INT"]
[Date "2025.05.20"]
[Round "1"]
[White "Topencik, Bruno"]
[Black "Eminov, Orkhan"]
[Result "0-1"]
[WhiteTitle "FM"]
[BlackTitle "FM"]
[WhiteElo "2224"]
[BlackElo "2239"]
[WhiteFideId "23716550"]
[BlackFideId "13402153"]
[EventDate "2025.05.20"]

1. e4 c5 2. Nc3 Nc6 3. Bb5 Nd4 4. Nf3 e6 5. O-O Ne7 6. Nxd4 cxd4 7. Ne2 Nc6 8.
c3 Bc5 9. b3 a6 10. Bxc6 dxc6 11. Bb2 e5 12. cxd4 exd4 13. d3 O-O 14. Rc1 Ba7
15. f4 Bg4 16. Kh1 Qe7 17. h3 Bxe2 18. Qxe2 c5 19. f5 f6 20. a4 Rac8 21. Rc2 Bb8
22. Bc1 b5 23. axb5 axb5 24. Bf4 Bxf4 25. Rxf4 Qa7 26. Rf1 Rfd8 27. Rfc1 Qa3 28.
Qd2 Qxb3 29. Rxc5 Ra8 30. Qc2 Qxc2 31. R5xc2 Ra3 32. Rb2 Rxd3 33. Rxb5 Re3 34.
Kh2 Rd7 35. Rc8+ Kf7 36. Rbb8 d3 37. Rf8+ Ke7 38. Rfe8+ Kd6 39. Rbc8 Re7 40.
Red8+ Ke5 41. Rc3 Kxe4 42. Rc4+ Kxf5 43. Rc3 Kg6 44. Rcxd3 Rxd3 45. Rxd3 h5 46.
h4 Kf5 47. g3 Re4 48. Kh3 g5 49. hxg5 fxg5 50. Ra3 Re5 51. Ra2 Rd5 52. Rb2 Ke4
53. Ra2 Rd4 54. Re2+ Kf3 55. Ra2 Rd3 56. Kh2 Re3 57. Rb2 Re2+ 58. Rxe2 Kxe2 59.
Kh3 Kf3 60. Kh2 g4 0-1

[Event "Titled Tue 20th May Late"]
[Site "chess.com INT"]
[Date "2025.05.20"]
[Round "1"]
[White "Azamikia, Mehran"]
[Black "Bluebaum, Matthias"]
[Result "0-1"]
[WhiteTitle "CM"]
[BlackTitle "GM"]
[WhiteElo "2130"]
[BlackElo "2660"]
[WhiteFideId "12502502"]
[BlackFideId "24651516"]
[EventDate "2025.05.20"]

1. d4 d5 2. Nf3 e6 3. c4 Nf6 4. g3 Nc6 5. Bg2 Bd6 6. O-O O-O 7. b3 dxc4 8. bxc4
e5 9. d5 Na5 10. Nbd2 c6 11. e4 cxd5 12. cxd5 Bd7 13. Bb2 Re8 14. Qe2 Rc8 15.
Rfc1 Qe7 16. Nb3 Nxb3 17. axb3 a6 18. Rxc8 Rxc8 19. Rc1 Rxc1+ 20. Bxc1 h6 21.
Bf1 Qd8 22. Qc2 b5 23. Be3 a5 24. h3 a4 25. bxa4 bxa4 26. Nd2 Qc7 27. Qxc7 Bxc7
28. Bc5 Ba5 29. Nc4 Nxe4 30. Ba3 Bc3 31. Bd3 Nf6 32. Nb6 Be8 33. Bc2 Bd4 34.
Nxa4 Nxd5 35. Nc5 Nf6 36. Ne4 Nxe4 37. Bxe4 Bd7 38. h4 Be6 39. Kg2 f5 40. Bc6
Kf7 41. Bc1 Kf6 42. Bf3 g5 43. hxg5+ hxg5 44. Be2 Bd5+ 45. Bf3 e4 46. Be2 e3+
47. f3 f4 48. g4 Ke6 49. Ba3 Bf6 50. Kf1 Kd7 51. Bc1 Kc6 52. Ba3 Kb6 53. Bb4 Bb3
54. Ke1 Kc6 55. Kf1 Kd5 56. Ke1 Kd4 57. Ba5 Be6 58. Kf1 Bd7 59. Be1 Bc8 60. Ba5
Be7 61. Ke1 Bxg4 62. fxg4 Ke4 63. Bb5 f3 64. Bc7 Kd4 65. Bc6 Bb4+ 66. Kf1 e2+
67. Kf2 e1=Q+ 68. Kxf3 Qh1+ 0-1

[Event "Titled Tue 20th May Late"]
[Site "chess.com INT"]
[Date "2025.05.20"]
[Round "1"]
[White "Nalbandyan, Vahan"]
[Black "Alazmi, Amani"]
[Result "1-0"]
[WhiteTitle "CM"]
[BlackTitle "WCM"]
[WhiteElo "2155"]
[BlackElo "1725"]
[WhiteFideId "13309439"]
[BlackFideId "10303553"]
[EventDate "2025.05.20"]

1. Nf3 g6 2. g3 Bg7 3. Bg2 d6 4. O-O Bd7 5. c4 Qc8 6. Re1 Bh3 7. Bh1 h5 8. d4
Nc6 9. Bg5 Bf6 10. Qd2 h4 11. Nxh4 Rxh4 12. Bxh4 Bxh4 13. Nc3 Bf6 14. e3 Nh6 15.
b4 Ng4 16. b5 Nb8 17. f3 Nh6 18. e4 Ng8 19. e5 Bg7 20. g4 Qd7 21. Rad1 Nh6 22.
Qf4 a6 23. b6 Nc6 24. bxc7 Qxc7 25. exd6 Qb6 26. Nd5 Bxd4+ 27. Rxd4 Qxd4+ 28.
Qxd4 Nxd4 29. Nc7+ Kd7 30. Nxa8 exd6 31. Kf2 Ne6 32. Kg3 Bxg4 33. fxg4 Kc8 34.
Nb6+ Kc7 35. Nd5+ Kc6 36. h3 Nc5 37. Rf1 Nd3 38. Nb4+ Kc5 39. Nxd3+ Kxc4 40. Nf4
g5 41. Bd5+ Kd4 42. Rd1+ Ke5 43. Nh5 f5 44. Bxb7 f4+ 45. Kf3 Nf7 46. Rd5+ Ke6
47. Ng7+ Kf6 48. Ne8+ Ke6 49. Nxd6 Ne5+ 50. Rxe5+ Kxe5 51. Nf7+ Kf6 52. Nxg5
Kxg5 53. Bxa6 Kh4 54. Bd3 Kxh3 55. Kxf4 Kh4 56. Kf5 Kg3 57. g5 Kf3 58. g6 Ke3
59. g7 Kxd3 60. g8=Q Kc2 61. Qb3+ Kc1 62. Ke4 Kd2 63. Qd3+ Kc1 64. Qe2 Kb1 65.
Kd3 Ka1 66. Kc3 Kb1 67. Qb2# 1-0

[Event "Titled Tue 20th May Late"]
[Site "chess.com INT"]
[Date "2025.05.20"]
[Round "1"]
[White "Zanette, Edgard Vinicius"]
[Black "Deichmann, Esteban Horacio"]
[Result "1-0"]
[WhiteElo "2041"]
[BlackElo "2085"]
[WhiteFideId "2109263"]
[BlackFideId "167410"]
[EventDate "2025.05.20"]

1. d4 c5 2. d5 d6 3. c4 g6 4. Nc3 Bg7 5. Qc2 e5 6. e4 f5 7. Bd3 f4 8. Nf3 g5 9.
Bd2 g4 10. Ng1 h5 11. O-O-O Nf6 12. h3 Na6 13. a3 Nc7 14. hxg4 hxg4 15. Nge2 Kf7
16. Kb1 Bd7 17. Qc1 Qe7 18. f3 g3 19. Nxf4 exf4 20. Bxf4 b5 21. cxb5 a6 22. e5
dxe5 23. d6 Qe6 24. Bxg3 Nxb5 25. Ne4 Nxe4 26. Bc4 Nxg3 27. Bxe6+ Bxe6 28. Rhe1
Rab8 29. Qxc5 Rhc8 30. Qf2 Nxa3+ 31. Ka1 Nc2+ 32. Kb1 Bf5 33. Re4 Na3+ 34. Ka2
Rc2 35. Qxc2 Nxc2 36. d7 Nb4+ 37. Rxb4 Ne4 38. Rxb8 Bxd7 39. Rxd7+ Ke6 40. Rxg7
Nc5 41. Ra8 Kf6 42. Rga7 Nd3 43. Rxa6+ Kf5 44. Rc8 Nb4+ 45. Kb3 Nxa6 46. Ka3 e4
47. Ka4 e3 48. Rc2 Nc5+ 49. Rxc5+ Kf4 50. Rc1 e2 51. b4 e1=Q 52. Rxe1 Kg3 53.
Rb1 Kf2 54. b5 Kg3 55. b6 Kf4 56. b7 Kg3 57. b8=Q+ Kf2 58. Qb2+ Kg3 59. f4 Kh2
60. f5 Kg3 61. f6 Kh2 62. g4+ Kg3 63. g5 Kh4 64. g6 Kh5 65. g7 Kh6 66. f7 Kg6
67. g8=Q+ Kh5 68. Rg1 Kh6 69. Rh1# 1-0

[Event "Titled Tue 20th May Late"]
[Site "chess.com INT"]
[Date "2025.05.20"]
[Round "1"]
[White "Shankland, Sam"]
[Black "Leenhouts, Koen"]
[Result "0-1"]
[WhiteTitle "GM"]
[BlackTitle "GM"]
[WhiteElo "2666"]
[BlackElo "2476"]
[WhiteFideId "2004887"]
[BlackFideId "1008439"]
[EventDate "2025.05.20"]

1. c4 e6 2. g3 d5 3. Bg2 Nf6 4. Nf3 c5 5. cxd5 exd5 6. O-O Nc6 7. d4 cxd4 8.
Nxd4 Bc5 9. Nxc6 bxc6 10. Qc2 Qb6 11. Nc3 Be7 12. e4 O-O 13. exd5 cxd5 14. Be3
Qa5 15. Bd4 Be6 16. Rfe1 Rab8 17. Ne2 Rfc8 18. Bc3 Bb4 19. Red1 Bxc3 20. Nxc3
Ne4 21. Bxe4 dxe4 22. Qxe4 Rxb2 23. Nd5 Bxd5 24. Rxd5 Qb6 25. Rf5 Rb8 26. Re1
Rb1 27. Rxb1 Qxb1+ 28. Qxb1 Rxb1+ 29. Kg2 g6 30. Ra5 Rb7 31. Ra6 f5 32. h4 Kf7
33. a4 Re7 34. Kf3 Kg7 35. Rc6 Kh6 36. a5 Re5 37. Ra6 Re7 38. g4 fxg4+ 39. Kxg4
Re4+ 40. f4 Re7 41. h5 Rf7 42. hxg6 hxg6 43. Re6 Kg7 44. a6 Rc7 45. Rd6 Kf7 46.
Kg5 Rc5+ 47. Kg4 Rc7 48. Kf3 Re7 49. Rc6 Rd7 50. Kg4 Kg7 51. Rc5 Kf7 52. Kg5 Kg7
53. f5 gxf5 0-1

[Event "Titled Tue 20th May Late"]
[Site "chess.com INT"]
[Date "2025.05.20"]
[Round "1"]
[White "Stamatiou, Rodolfos"]
[Black "Ruiz Aguilar, Pablo Alexander"]
[Result "1-0"]
[WhiteTitle "FM"]
[BlackTitle "FM"]
[WhiteElo "2269"]
[BlackElo "2141"]
[WhiteFideId "25826530"]
[BlackFideId "4401352"]
[EventDate "2025.05.20"]

1. e4 c5 2. Nf3 e6 3. d4 cxd4 4. Nxd4 a6 5. c4 Nf6 6. Nc3 d6 7. Be3 Be7 8. f3
O-O 9. Be2 Qc7 10. O-O b6 11. Qe1 Bb7 12. Qf2 Nbd7 13. Rac1 Rac8 14. b4 Qb8 15.
Nb3 Bc6 16. a4 Rfe8 17. Rfd1 Ba8 18. c5 bxc5 19. Bxa6 cxb4 20. Bxc8 Rxc8 21. Nb5
Rxc1 22. Rxc1 h6 23. Na7 Nc5 24. Nxc5 Qxa7 25. Nxe6 Qxa4 26. Nc7 Bc6 27. Qc2
Qxc2 28. Rxc2 Ba4 29. Rb2 b3 30. Bd4 Nd7 31. Nd5 Bd8 32. Nc3 Bc6 33. Rxb3 Kh7
34. Kf2 Nc5 35. Bxc5 dxc5 36. Rb8 Bc7 37. Rc8 Be5 38. Rxc6 Bxc3 39. f4 Bd4+ 40.
Kf3 g6 41. e5 Kg7 42. g4 Kf8 43. Ke4 Ke7 44. f5 gxf5+ 45. gxf5 h5 46. Rh6 Bb2
47. Rxh5 c4 48. Rh6 c3 49. Rc6 Kd7 50. Rc4 Ke7 51. h4 Kf8 52. h5 Kg7 53. Rc6 Kh7
54. Kd5 Ba1 55. e6 fxe6+ 56. Kxe6 Kh6 57. f6 c2 58. Rxc2 Kxh5 59. f7 Bg7 60.
Rh2+ Kg6 61. Rg2+ Kh7 62. Rxg7+ Kxg7 63. Ke7 Kg6 64. f8=Q Kg5 65. Qf6+ Kg4 66.
Ke6 Kg3 67. Qf5 Kg2 68. Ke5 Kg1 69. Ke4 Kg2 70. Qf3+ Kg1 71. Qe2 Kh1 72. Kf3 Kg1
73. Qg2# 1-0

[Event "Titled Tue 20th May Late"]
[Site "chess.com INT"]
[Date "2025.05.20"]
[Round "1"]
[White "Bagheri, Maziar"]
[Black "Moosavifar, Seyed Abolfazl"]
[Result "1-0"]
[WhiteTitle "FM"]
[BlackTitle "FM"]
[WhiteElo "2287"]
[BlackElo "2303"]
[WhiteFideId "12530913"]
[BlackFideId "42548195"]
[EventDate "2025.05.20"]

1. e4 e5 2. Nf3 Nc6 3. Bb5 Nd4 4. Nxd4 exd4 5. O-O a6 6. Bc4 d6 7. c3 dxc3 8.
Nxc3 Nf6 9. d4 Be7 10. e5 dxe5 11. dxe5 Qxd1 12. Rxd1 Nd7 13. Nd5 Bd8 14. f4 c6
15. Nc3 b5 16. Be2 Nc5 17. Be3 Be7 18. Bf3 Bb7 19. Rac1 Rc8 20. Rd2 O-O 21. b4
Ne6 22. f5 Bg5 23. Bxg5 Nxg5 24. Rd7 Nxf3+ 25. gxf3 Ba8 26. Ne4 Rcd8 27. Rcd1
Rxd7 28. Rxd7 g6 29. f6 h6 30. Nc5 Re8 31. Re7 Rd8 32. e6 Rf8 33. Ra7 fxe6 34.
f7+ Rxf7 35. Rxa8+ Kg7 36. Nxe6+ Kf6 37. Nc5 Kg5 38. Kg2 Re7 39. Kf2 Kh4 40.
Rxa6 Rc7 41. Ne6 Rc8 42. Ra7 g5 43. Nd4 h5 44. Ne2 Re8 45. Rh7 Rd8 46. Ng3 Rd2+
47. Ke3 Rxh2 48. Nxh5 Rxa2 49. Nf6+ Kg3 50. Rh5 Ra3+ 51. Ke4 Rxf3 52. Rxg5+ Kf2
53. Ng4+ Ke2 54. Ne5 Rb3 55. Rg2+ Kd1 56. Nd3 Rc3 57. Ke3 Rc2 58. Rg1# 1-0

[Event "Titled Tue 20th May Late"]
[Site "chess.com INT"]
[Date "2025.05.20"]
[Round "1"]
[White "Vagman, Roy"]
[Black "Ristic, Nebojsa M"]
[Result "1-0"]
[WhiteTitle "FM"]
[BlackTitle "IM"]
[WhiteElo "2417"]
[BlackElo "2248"]
[WhiteFideId "2828995"]
[BlackFideId "900850"]
[EventDate "2025.05.20"]

1. e4 e6 2. d3 d5 3. Nd2 Nf6 4. Ngf3 Be7 5. g3 O-O 6. Bg2 c5 7. O-O Nc6 8. Re1
b5 9. e5 Ne8 10. Nf1 b4 11. h4 Nc7 12. N1h2 a5 13. h5 h6 14. Ng4 Nb5 15. Bf4
Ncd4 16. Nfh2 a4 17. Qd2 a3 18. b3 Nf5 19. Nf3 Nbd4 20. Rad1 Ba6 21. Nfh2 Nb5
22. Ne3 Nc3 23. Nxf5 exf5 24. Ra1 Bg5 25. Nf3 Bxf4 26. Qxf4 Bc8 27. Bh3 d4 28.
Bxf5 Bxf5 29. Qxf5 Qc8 30. Qf4 Qh3 31. Nh4 Ra6 32. Qf5 Qxf5 33. Nxf5 Re6 34. f4
f6 35. exf6 Rxe1+ 36. Rxe1 Rxf6 37. Nh4 Nxa2 38. Ng6 Ra6 39. Re8+ Kf7 40. Rf8+
Ke6 41. f5+ Kd6 42. f6 Ra7 43. f7 Ke6 44. Nh8 Kf6 45. Rc8 Rxf7 46. Rc6+ Ke7 47.
Rc7+ Kd6 48. Rxf7 Nc3 49. Rxg7 Nb5 50. Rf7 a2 51. Rf1 Nc3 52. Ra1 Ke5 53. Kf2
Kf5 54. Kf3 Kg5 55. g4 Kf6 56. Ng6 Ke6 57. Nf4+ Ke5 58. Ne2 Nb5 59. Rxa2 Na3 60.
c3 dxc3 61. Nxc3 Kd4 62. Rxa3 bxa3 63. Nb5+ Kxd3 64. Nxa3 Kc3 65. Nc4 Kxb3 66.
Ne5 Kc3 67. g5 Kd4 68. gxh6 Kxe5 69. h7 Kf6 70. h8=Q+ Kg5 71. Qg7+ Kxh5 72. Kf4 1-0

[Event "Titled Tue 20th May Late"]
[Site "chess.com INT"]
[Date "2025.05.20"]
[Round "1"]
[White "Risteski, Emil"]
[Black "Behzad Nazif, Parva"]
[Result "1-0"]
[WhiteTitle "IM"]
[BlackTitle "WIM"]
[WhiteElo "2359"]
[BlackElo "2090"]
[WhiteFideId "15005267"]
[BlackFideId "12563790"]
[EventDate "2025.05.20"]

1. Nc3 d5 2. e4 d4 3. Nce2 c5 4. Ng3 Nd7 5. Bc4 e5 6. d3 h6 7. f4 Ngf6 8. Nf3
Bd6 9. Nf5 Bf8 10. O-O g6 11. fxe5 gxf5 12. exf6 fxe4 13. dxe4 Bd6 14. e5 Bc7
15. e6 Nxf6 16. exf7+ Kf8 17. Nh4 Bxh2+ 18. Kh1 Bc7 19. Ng6+ Kg7 20. f8=Q+ Rxf8
21. Nxf8 Qxf8 22. Qf3 Bg4 23. Bxh6+ Kxh6 24. Qxf6+ Qxf6 25. Rxf6+ Kg5 26. Rf7
Rh8+ 27. Kg1 Bf4 28. Re1 Be3+ 29. Rxe3 dxe3 30. g3 Re8 31. Rg7+ Kf5 32. Bd3+ Kf6
33. Rxg4 e2 34. Bxe2 Rxe2 35. Rf4+ Kg5 36. Rf2 Re1+ 37. Kg2 Ra1 38. a3 c4 39.
Rf4 b5 40. Rd4 Ra2 41. Rd5+ Kg4 42. Rxb5 c3 43. Rb4+ Kg5 44. bxc3 Rxc2+ 45. Kh3
Rxc3 46. a4 Ra3 47. Rg4+ Kf5 48. Rf4+ Kg5 49. Rc4 Kf5 50. Rc5+ Kg6 51. a5 Kf6
52. Kh4 Ra4+ 53. g4 Kg6 54. Rc6+ Kg7 55. Ra6 Ra1 56. Kg5 Rb1 57. Rxa7+ Kg8 58.
Kg6 Rb8 59. g5 Rc8 60. Ra6 Rd8 61. Rc6 Rb8 62. a6 Ra8 63. Kh6 Kh8 64. g6 Kg8 65.
a7 Kh8 66. Rb6 Kg8 67. Rb8+ 1-0

[Event "Titled Tue 20th May Late"]
[Site "chess.com INT"]
[Date "2025.05.20"]
[Round "1"]
[White "Bressy, Theo"]
[Black "Gimeno Martos, Roberto"]
[Result "1-0"]
[WhiteTitle "FM"]
[BlackTitle "CM"]
[WhiteElo "2199"]
[BlackElo "2090"]
[WhiteFideId "26022842"]
[BlackFideId "2226804"]
[EventDate "2025.05.20"]

1. e4 g6 2. Nc3 Bg7 3. g3 c5 4. Bg2 Nc6 5. d3 d6 6. f4 h5 7. Nh3 Bg4 8. Qd2 Nd4
9. O-O h4 10. Ng5 hxg3 11. hxg3 Qd7 12. Qf2 Nh6 13. Be3 f6 14. Nf3 Nxf3+ 15.
Bxf3 Bxf3 16. Qxf3 Qh3 17. Qg2 Qh5 18. Nd1 Ng4 19. Bd2 O-O-O 20. Ne3 Nxe3 21.
Bxe3 Rh7 22. Kf2 Rdh8 23. c3 f5 24. Rg1 Qg4 25. Rh1 Rxh1 26. Rxh1 fxe4 27. Rxh8+
Bxh8 28. Qxe4 Qf5 29. Qc4 Qf6 30. d4 b6 31. b4 Kb7 32. bxc5 bxc5 33. Qb5+ Kc7
34. Qa5+ Kd7 35. Qxa7+ Ke8 36. Qa8+ Kf7 37. Qd5+ Qe6 38. Qxe6+ Kxe6 39. dxc5
dxc5 40. Bxc5 Bxc3 41. Kf3 Ba5 42. Bd4 Kd5 43. Bb2 e6 44. g4 Bb6 45. Be5 Ba5 46.
Bb8 Bb6 47. Ke2 Ba5 48. Kd3 Bb6 49. Be5 Ba5 50. a4 Bb6 51. Bc3 Bc7 52. Bd2 e5
53. fxe5 Bxe5 54. a5 Bb8 55. Kc3 Ke4 56. Kb4 Kf3 57. g5 Ke4 58. Kb5 Ba7 59. Kc6
Bd4 60. a6 Kd3 61. Bc1 Kc2 62. Bf4 Kd3 63. Kb7 Ke4 64. Bc1 Kf5 65. a7 Bxa7 66.
Kxa7 Kg4 67. Kb6 Kf5 68. Kc6 Ke6 69. Kc5 Kf5 70. Kd5 Kg4 71. Ke6 Kh5 72. Kf6 Kg4
73. Kxg6 1-0